Uno y el Universo
Salvato in:
| Autore principale: | |
|---|---|
| Natura: | Libro |
| Lingua: | spagnolo |
| Pubblicazione: |
Buenos Aires
Sudamericana
1945
|
| Serie: | Colección Ensayos Breves
|
| Soggetti: | |
| Tags: |
Aggiungi Tag
Nessun Tag, puoi essere il primo ad aggiungerne!!
|
MARC
| LEADER | 00000nam a2200000 a 4500 | ||
|---|---|---|---|
| 001 | UCZ5988 | ||
| 003 | CL-VaPUC | ||
| 008 | 951130e19450000AG |||||||||||||||||spa|d | ||
| 082 | 0 | 4 | |a Ar864 |b SAB |2 21 |
| 100 | |a Sabato, Ernesto |e author |9 322691 | ||
| 245 | 1 | 0 | |a Uno y el Universo |
| 300 | |a 211 p | ||
| 942 | |c BK | ||
| 945 | |d 19951130 00:00:00 |a rleighto | ||
| 260 | |a Buenos Aires |b Sudamericana |c 1945 | ||
| 650 | 0 | |a Ensayos argentinos |9 269128 | |
| 583 | |a last modification |c 19951130 00:00:00 |k Rodrigo Vera | ||
| 490 | 0 | |a Colección Ensayos Breves | |
| 999 | |c 242256 |d 242254 | ||
| 952 | |0 0 |1 0 |4 0 |6 AR_864_000000000000000_SAB_1945 |7 0 |8 A |9 255075 |a BIBEDU |b BIBEDU |d 2019-11-19 |i 3157350 |o Ar864 SAB 1945 |p 3157350 |r 2019-11-19 |w 2019-11-19 |y BK |k LIT | ||